<?xml version="1.0" encoding="UTF-8"?>
<record
    xmlns:xsi="http://www.w3.org/2001/XMLSchema-instance"
    xsi:schemaLocation="http://www.loc.gov/MARC21/slim http://www.loc.gov/standards/marcxml/schema/MARC21slim.xsd"
    xmlns="http://www.loc.gov/MARC21/slim">

  <leader>00702nam a2200205Ia 4500</leader>
  <controlfield tag="008">151119s9999||||xx |||||||||||||| ||und||</controlfield>
  <datafield tag="082" ind1=" " ind2=" ">
    <subfield code="a">891.461</subfield>
  </datafield>
  <datafield tag="082" ind1=" " ind2=" ">
    <subfield code="b">GKKV29528</subfield>
  </datafield>
  <datafield tag="100" ind1=" " ind2=" ">
    <subfield code="a">&#x922;&#x938;&#x93E;&#x933; &#x928;&#x93E;&#x92E;&#x926;&#x947;&#x935;</subfield>
  </datafield>
  <datafield tag="245" ind1=" " ind2=" ">
    <subfield code="a">&#x92E;&#x942;&#x916;&#x901; &#x92E;&#x94D;&#x939;&#x924;&#x93E;&#x930;&#x92F; &#x921;&#x94B;&#x917;&#x902;&#x930; &#x939;&#x932;&#x935;&#x932;&#x947;</subfield>
  </datafield>
  <datafield tag="260" ind1=" " ind2=" ">
    <subfield code="a">&#x92E;&#x941;&#x902;&#x92C;&#x908;</subfield>
  </datafield>
  <datafield tag="260" ind1=" " ind2=" ">
    <subfield code="b">&#x932;&#x94B;&#x915;&#x935;&#x93E;&#x919;&#x92E;&#x92F; &#x917;&#x943;&#x939;</subfield>
  </datafield>
  <datafield tag="260" ind1=" " ind2=" ">
    <subfield code="c">1975</subfield>
  </datafield>
  <datafield tag="300" ind1=" " ind2=" ">
    <subfield code="a">93Pp.</subfield>
  </datafield>
  <datafield tag="600" ind1=" " ind2=" ">
    <subfield code="a">&#x922;&#x938;&#x93E;&#x933; &#x928;&#x93E;&#x92E;&#x926;&#x947;&#x935;</subfield>
  </datafield>
  <datafield tag="630" ind1=" " ind2=" ">
    <subfield code="a">&#x92E;&#x942;&#x916;&#x901; &#x92E;&#x94D;&#x939;&#x924;&#x93E;&#x930;&#x92F; &#x921;&#x94B;&#x917;&#x902;&#x930; &#x939;&#x932;&#x935;&#x932;&#x947;</subfield>
  </datafield>
  <datafield tag="700" ind1=" " ind2=" ">
    <subfield code="a">&#x922;&#x938;&#x93E;&#x933; &#x928;&#x93E;&#x92E;&#x926;&#x947;&#x935;</subfield>
  </datafield>
  <datafield tag="730" ind1=" " ind2=" ">
    <subfield code="a">&#x92E;&#x942;&#x916;&#x901; &#x92E;&#x94D;&#x939;&#x924;&#x93E;&#x930;&#x92F; &#x921;&#x94B;&#x917;&#x902;&#x930; &#x939;&#x932;&#x935;&#x932;&#x947;</subfield>
  </datafield>
  <datafield tag="942" ind1=" " ind2=" ">
    <subfield code="c">BOOK</subfield>
  </datafield>
  <datafield tag="999" ind1=" " ind2=" ">
    <subfield code="c">1081884</subfield>
    <subfield code="d">1081881</subfield>
  </datafield>
  <datafield tag="952" ind1=" " ind2=" ">
    <subfield code="0">0</subfield>
    <subfield code="1">0</subfield>
    <subfield code="4">0</subfield>
    <subfield code="7">0</subfield>
    <subfield code="a">GKKV</subfield>
    <subfield code="b">GKKV</subfield>
    <subfield code="d">2014-03-27</subfield>
    <subfield code="g">0.00</subfield>
    <subfield code="l">0</subfield>
    <subfield code="o">GKKV29528</subfield>
    <subfield code="p">GKKV29528</subfield>
    <subfield code="r">2015-11-19 00:00:00</subfield>
    <subfield code="v">0.00</subfield>
    <subfield code="w">2015-11-19</subfield>
    <subfield code="y">BOOK</subfield>
  </datafield>
</record>
